[Event "5th Reykjavik op"]
[Site "Reykjavik"]
[Date "1972.02.06"]
[EventDate "1972.02.06"]
[Round "1"]
[Result "0-1"]
[White "Georgsson, Harvey"]
[Black "Solmundarson, Magnus"]
[WhiteElo "2220"]
[BlackElo "2380"]
[Source "Thjodviljinn, 1972.02.10, p. 3"]
[PlyCount "106"]

1. e4 c6 2. d4 d5 3. Nc3 g6 4. h4 h5 5. Nh3 Bg7 6. e5 Bxh3 7. Rxh3 e6 8. Bg5
Qb6 9. Qd2 Nd7 10. O-O-O Nh6 11. Be2 a6 12. Qf4 c5 13. dxc5 Qc7 14. Qa4 O-O 15.
f4 Nxc5 16. Qd4 Rfc8 17. Kb1 Ne4 18. Rc1 Nf5 19. Qg1 Nfg3 20. Bd3 Nxc3+ 21.
bxc3 Nf5 22. Bxf5 exf5 23. Qd4 Qa5 24. Rd1 Rc5 25. Be7 Rc4 26. Qxd5 Qxd5 27.
Rxd5 Rxf4 28. Rhd3 Re4 29. Rd7 b5 30. Bf6 Bxf6 31. exf6 Re6 32. R3d6 Rae8 33.
Kb2 Rxd6 34. Rxd6 Re6 35. Rd8+ Kh7 36. Kb3 Rxf6 37. c4 bxc4+ 38. Kxc4 Rc6+ 39.
Kd3 Kg7 40. c4 Kf6 41. Kd4 Ke7 42. Ra8 Rd6+ 43. Ke3 Re6+ 44. Kd3 Re4 45. Rxa6
Rxh4 46. c5 Rg4 47. Ra7+ Ke6 48. c6 Kd6 49. c7 Kd7 50. a4 Rg3+ 51. Kd4 Rxg2 52.
Kc5 Rc2+ 53. Kb6 Rc6+ 0-1

[Event "5th Reykjavik op"]
[Site "Reykjavik ISL"]
[Date "1972.02.06"]
[EventDate "1972.02.06"]
[Round "1"]
[Result "0-1"]
[White "Kristinsson, Jon"]
[Black "Tukmakov, Vladimir"]
[WhiteElo "2380"]
[BlackElo "2565"]
[Source "Morgunbladid, 1972.02.08, p. 3"]
[PlyCount "64"]

1. d4 Nf6 2. c4 g6 3. Nc3 d5 4. Bf4 Bg7 5. Nf3 O-O 6. Rc1 dxc4 7. e3 Be6 8. Ng5
Bd5 9. e4 h6 10. exd5 hxg5 11. Bxg5 b5 12. Qf3 a6 13. Be2 Nbd7 14. h4 Nb6 15.
Bxf6 Bxf6 16. h5 g5 17. Rd1 Qd7 18. Qg3 Nxd5 19. Ne4 Qf5 20. Bf3 Rad8 21. O-O
Nf4 22. b3 cxb3 23. axb3 Qxe4 24. Bxe4 Ne2+ 25. Kh2 Nxg3 26. Kxg3 Bxd4 27. Bb7
Rd6 28. Kg4 a5 29. Kxg5 a4 30. bxa4 bxa4 31. Be4 a3 32. Bb1 Rb8 0-1

[Event "5th Reykjavik op"]
[Site "Reykjavik ISL"]
[Date "1972.02.06"]
[EventDate "1972.02.06"]
[Round "1"]
[Result "0-1"]
[White "Timman, Jan"]
[Black "Andersson, Ulf"]
[WhiteElo "2445"]
[BlackElo "2510"]
[PlyCount "184"]

1.d4 Nf6 2.c4 e6 3.Nc3 Bb4 4.e3 c5 5.Bd3 O-O 6.Nf3 d5 7.O-O
Nbd7 8.a3 dxc4 9.Bxc4 cxd4 10.Nb5 Be7 11.Nbxd4 e5 12.Nf5 Nb6
13.Nxe7+ Qxe7 14.Be2 Rd8 15.Bd2 Bg4 16.Bb4 Rxd1 17.Bxe7 Rxa1
18.Rxa1 Nfd5 19.Bc5 Na4 20.Bc4 Bxf3 21.gxf3 Ndb6 22.Bxb6 Nxb6
23.Bb3 Rc8 24.a4 Kf8 25.a5 Nd7 26.Rd1 Nf6 27.Rd2 Ke7 28.Ba2
Ne8 29.b4 Nd6 30.Kg2 f6 31.Bd5 Rc1 32.b5 Rc5 33.a6 bxa6
34.bxa6 Ra5 35.Bb7 Nxb7 36.axb7 Rb5 37.Ra2 Rxb7 38.Ra6 Rc7
39.h4 Kd7 40.Kg3 Kc8 41.f4 Kb7 42.Ra3 Rc5 43.fxe5 Rxe5 44.f4
Rc5 45.Kg4 g6 46.e4 f5 47.exf5 Rxf5 48.Re3 h5 49.Kf3 Rf6
50.Ra3 Kb6 51.Rb3+ Kc5 52.Ra3 a6 53.Ra1 Kb4 54.Rb1+ Kc3 55.Ra1
Kb2 56.Ra5 Kb3 57.Ra1 Re6 58.Kf2 Kb4 59.Rb1+ Kc5 60.Ra1 Kb6
61.Rb1+ Ka7 62.Ra1 Rc6 63.Kf3 Rc3+ 64.Kg2 Rc5 65.Kf3 a5 66.Ke4
Kb6 67.Kd4 Rf5 68.Ke4 Kb5 69.Rb1+ Kc5 70.Ra1 Kb6 71.Rb1+ Kc7
72.Ra1 Rb5 73.Rc1+ Kd7 74.Rd1+ Ke7 75.Rc1 Kd7 76.Rd1+ Ke6
77.Rd8 Rb4+ 78.Ke3 a4 79.Ra8 Kf5 80.Ra5+ Kg4 81.Rg5+ Kxh4
82.Rxg6 a3 83.Ra6 Rb3+ 84.Ke4 Kg3 85.f5 h4 86.f6 Rf3 87.f7
Rxf7 88.Rxa3+ Kg2 89.Ra8 h3 90.Rg8+ Kf2 91.Rh8 Rf3 92.Ra8 Kg2
0-1

[Event "5th Reykjavik op"]
[Site "Reykjavik ISL"]
[Date "1972.02.06"]
[EventDate "1972.02.06"]
[Round "1"]
[Result "0-1"]
[White "Kristjansson, Bragi"]
[Black "Olafsson, Fridrik"]
[WhiteElo "2270"]
[BlackElo "2570"]
[Source "https://skaksogufelagid.is (2024)"]
[PlyCount "72"]

1. e4 c5 2. Nf3 Nc6 3. d4 cxd4 4. Nxd4 e6 5. Nc3 Qc7 6. g3 a6 7. Bg2 Nf6 8. O-O
d6 9. Re1 Bd7 10. Nxc6 bxc6 11. Na4 Rb8 12. c4 c5 13. Nc3 Be7 14. b3 Bc6 15.
Bb2 O-O 16. Qe2 Rfe8 17. f4 Nd7 18. e5 Bxg2 19. exd6 Bxd6 20. Qxg2 Bf8 21. Rad1
Rbd8 22. Ne4 h6 23. Rd2 Nb8 24. Red1 Nc6 25. Qf2 Rxd2 26. Rxd2 Rd8 27. Rxd8
Qxd8 28. Nxc5 Qd1+ 29. Kg2 Nb4 30. a3 Bxc5 31. Qxc5 Nd3 32. Qc8+ Kh7 33. Be5
Qe2+ 34. Kh3 Nf2+ 35. Kg2 Ng4+ 36. Kh3 Ne3 0-1

[Event "5th Reykjavik op"]
[Site "Reykjavik ISL"]
[Date "1972.02.06"]
[EventDate "1972.02.06"]
[Round "1"]
[Result "1-0"]
[White "Sigurjonsson, Gudmundur"]
[Black "Gunnarsson, Gunnar"]
[WhiteElo "2500"]
[BlackElo "2300"]
[Source "Morgunbladid, 1972.02.08, p. 20"]
[PlyCount "50"]

1. e4 e6 2. d4 d5 3. Nd2 dxe4 4. Nxe4 Nf6 5. Nxf6+ Qxf6 6. Nf3 h6 7. Bd3 c5 8.
Be3 Nc6 9. O-O cxd4 10. Nxd4 Bd7 11. Nb5 Rc8 12. Nxa7 Nxa7 13. Bxa7 Bd6 14. Re1
Bc6 15. c3 Rd8 16. Qe2 Qh4 17. g3 Qa4 18. Bb6 Rd7 19. b4 Re7 20. Rad1 Qa8 21.
b5 Bd7 22. Bc2 Qb8 23. Qd3 Ba3 24. Re4 Qc8 25. Rc4 1-0

[Event "5th Reykjavik op"]
[Site "Reykjavik ISL"]
[Date "1972.02.06"]
[EventDate "1972.02.06"]
[Round "1"]
[Result "1/2-1/2"]
[White "Keene, Raymond Dennis"]
[Black "Stein, Leonid"]
[WhiteElo "2465"]
[BlackElo "2605"]
[PlyCount "32"]

1. d4 Nf6 2. c4 g6 3. Nc3 d5 4. Bg5 Ne4 5. Bh4 Nxc3 6. bxc3
Bg7 7. e3 c5 8. cxd5 Qxd5 9. Nf3 Nc6 10. Be2 cxd4 11. exd4 Qa5
12. O-O Qxc3 13. Rc1 Qb4 14. Rb1 Qd6 15. Bg3 e5 16. Nxe5 Qxd4
1/2-1/2

[Event "5th Reykjavik op"]
[Site "Reykjavik ISL"]
[Date "1972.02.07"]
[EventDate "1972.02.06"]
[Round "2"]
[Result "0-1"]
[White "Solmundarson, Magnus"]
[Black "Stein, Leonid"]
[WhiteElo "2380"]
[BlackElo "2605"]
[Source "Thjodviljinn, 1972.02.09, p. 3"]
[PlyCount "52"]

1. d4 c5 2. Nf3 cxd4 3. Nxd4 d5 4. g3 e5 5. Nb3 Nf6 6. Bg2 Be7 7. O-O O-O 8.
Bg5 Nbd7 9. c4 dxc4 10. N3d2 Nb6 11. Qc2 Qc7 12. Rc1 Be6 13. b3 h6 14. Bxf6
Bxf6 15. Na3 e4 16. Rab1 e3 17. fxe3 Nd5 18. Ne4 Nxe3 19. Nxf6+ gxf6 20. Qe4
Qc5 21. b4 Qb6 22. Qxb7 Nxg2+ 23. Qxb6 axb6 24. Rc3 Bh3 25. Rb2 Rfe8 26. Kf2
Ne3 0-1

[Event "5th Reykjavik op"]
[Site "Reykjavik ISL"]
[Date "1972.02.07"]
[EventDate "1972.02.06"]
[Round "2"]
[Result "0-1"]
[White "Gunnarsson, Gunnar"]
[Black "Gheorghiu, Florin"]
[WhiteElo "2300"]
[BlackElo "2530"]
[Source "Thjodviljinn, 1972.02.09, p. 3"]
[PlyCount "72"]

1. c4 g6 2. g3 Bg7 3. Bg2 e5 4. d3 Nc6 5. Nf3 d6 6. O-O Nf6 7. Nc3 O-O 8. Rb1
Nd4 9. b4 c6 10. b5 Nxf3+ 11. Bxf3 d5 12. bxc6 bxc6 13. Qa4 Be6 14. Ba3 Re8 15.
Rb7 e4 16. dxe4 Nxe4 17. Nxe4 dxe4 18. Bxe4 Bc8 19. Rd1 Qf6 20. Qxc6 Qxc6 21.
Bxc6 Bxb7 22. Bxb7 Rab8 23. Rd7 Red8 24. Rxd8+ Rxd8 25. c5 Rd2 26. c6 Be5 27.
Bc5 Rxa2 28. f4 Bc7 29. e4 a5 30. e5 a4 31. Bd6 a3 32. Bxc7 Rb2 33. Ba6 a2 34.
Bf1 a1=Q 35. Bd6 Qa7+ 36. Kh1 Qf2 0-1

[Event "5th Reykjavik op"]
[Site "Reykjavik ISL"]
[Date "1972.02.07"]
[EventDate "1972.02.06"]
[Round "2"]
[Result "1/2-1/2"]
[White "Olafsson, Fridrik"]
[Black "Sigurjonsson, Gudmundur"]
[WhiteElo "2570"]
[BlackElo "2500"]
[Source "https://skaksogufelagid.is (2024)"]
[PlyCount "50"]

1. Nf3 g6 2. d4 Nf6 3. c4 Bg7 4. g3 d5 5. cxd5 Nxd5 6. Bg2 Nb6 7. Nc3 Nc6 8. e3
O-O 9. O-O e5 10. d5 Na5 11. e4 c6 12. Re1 Re8 13. Bf1 h6 14. Nh4 cxd5 15. exd5
Nac4 16. Qb3 Nd6 17. Be3 Bd7 18. Bc5 Bf8 19. Rad1 Rc8 20. Bxd6 Bxd6 21. Bb5
Bxb5 22. Nxb5 Rc4 23. Nxd6 Qxd6 24. Nf3 Rc5 25. Qa3 1/2-1/2

[Event "5th Reykjavik op"]
[Site "Reykjavik ISL"]
[Date "1972.02.07"]
[EventDate "1972.02.06"]
[Round "2"]
[Result "1/2-1/2"]
[White "Tukmakov, Vladimir"]
[Black "Timman, Jan"]
[WhiteElo "2565"]
[BlackElo "2445"]
[PlyCount "85"]

1. d4 Nf6 2. c4 e6 3. Nc3 Bb4 4. e3 b6 5. Nge2 Ba6 6.a3 Bxc3+
7.Nxc3 d5 8.cxd5 Bxf1 9.Kxf1 exd5 10.f3 O-O 11.b4 Re8 12.Ra2
Nc6 13.Qd3 Qd7 14.Kf2 h5 15.Bd2 Ne7 16.Rc2 Nf5 17.Rhc1 c6
18.a4 Rac8 19.Nb1 Nd6 20.Na3 Qb7 21.Ke2 Nd7 22.Be1 g6 23.Bg3
Nf5 24.Bf4 c5 25.bxc5 bxc5 26.dxc5 Qb4 27.Kf1 Nxc5 28.Qxd5
Red8 29.Qa2 Qxa4 30.Nb1 Qxa2 31.Rxa2 Nd3 32.Rc3 Nxf4 33.exf4
Rb8 34.Nd2 a5 35.Ne4 Rb1+ 36.Kf2 Rdd1 37.Rd2 Rxd2+ 38.Nxd2 Rb2
39.Rd3 a4 40.g4 Ne7 41.Ke3 f6 42.Rd7 Kf7 43.f5 1/2-1/2

[Event "5th Reykjavik op"]
[Site "Reykjavik ISL"]
[Date "1972.02.07"]
[EventDate "1972.02.06"]
[Round "2"]
[Result "1-0"]
[White "Thorbergsson, Freysteinn"]
[Black "Kristinsson, Jon"]
[WhiteElo "2340"]
[BlackElo "2380"]
[Source "Morgunbladid, 1972.02.10, p. 7"]
[PlyCount "106"]

1. d4 Nf6 2. c4 g6 3. Nc3 Bg7 4. e4 d6 5. f3 O-O 6. Be3 Nc6 7. Nge2 Rb8 8. Qd2
a6 9. Nc1 e5 10. d5 Nd4 11. Nb3 Nxb3 12. axb3 c5 13. g4 Ne8 14. Kd1 f5 15. gxf5
gxf5 16. Bg5 Qc7 17. Rg1 f4 18. Qf2 Kh8 19. Qh4 Qf7 20. Kc2 Bd7 21. Bh3 Bxh3
22. Qxh3 b5 23. cxb5 axb5 24. Ra6 b4 25. Na4 Rg8 26. Bh6 Bxh6 27. Rxg8+ Kxg8
28. Qxh6 Qg6 29. Qxg6+ hxg6 30. Kd3 Rb7 31. Nxc5 dxc5 32. Rxg6+ Kf7 33. Rg5 Re7
34. Kc4 Rc7 35. Rf5+ Kg6 36. Rxe5 Nd6+ 37. Kd3 c4+ 38. bxc4 Nxc4 39. Re6+ Kf7
40. b3 Ne3 41. Rc6 Ra7 42. Kd4 Ra3 43. Rc7+ Kf8 44. d6 Ke8 45. Ke5 Rxb3 46. Ke6
Rc3 47. Rb7 Kf8 48. Rb8+ Kg7 49. d7 Rd3 50. d8=Q Rxd8 51. Rxd8 Nf1 52. Rd3 Kg6
53. Ke5 1-0

[Event "5th Reykjavik op"]
[Site "Reykjavik ISL"]
[Date "1972.02.07"]
[EventDate "1972.02.06"]
[Round "2"]
[Result "0-1"]
[White "Georgsson, Harvey"]
[Black "Torfason, Jon"]
[WhiteElo "2220"]
[BlackElo "2310"]
[Source "Morgunbladid, 1972.02.09, p. 7"]
[PlyCount "58"]

1. e4 e5 2. Nf3 Nc6 3. Bb5 a6 4. Ba4 Nf6 5. O-O Nxe4 6. d4 b5 7. Bb3 d5 8. dxe5
Be6 9. c3 Bc5 10. Qd3 O-O 11. Nbd2 f5 12. exf6 Nxf6 13. Ng5 Ne5 14. Qe2 Qd6 15.
Nxe6 Qxe6 16. h3 Rae8 17. Nf3 Nxf3+ 18. Qxf3 Ne4 19. Qd1 Bxf2+ 20. Rxf2 Nxf2
21. Qxd5 Qxd5 22. Bxd5+ Kh8 23. b3 Re1+ 24. Kh2 Nd3 25. Ba3 Rxa1 26. Bxf8 Rxa2
27. Kg3 Re2 28. c4 Re8 29. cxb5 axb5 0-1

[Event "5th Reykjavik op"]
[Site "Reykjavik ISL"]
[Date "1972.02.08"]
[EventDate "1972.02.06"]
[Round "3"]
[Result "0-1"]
[White "Kristjansson, Bragi"]
[Black "Tukmakov, Vladimir"]
[WhiteElo "2270"]
[BlackElo "2565"]
[PlyCount "52"]

1.e4 c5 2.Nf3 d6 3.d4 cxd4 4.Nxd4 Nf6 5.Nc3 a6 6.Bc4 e6 7.Bb3
b5 8.f4 Bb7 9.f5 e5 10.Nde2 Be7 11.Ng3 h5 12.Qf3 Nbd7 13.Bg5
h4 14.Bxf6 Nxf6 15.Nge2 b4 16.Nd5 Nxd5 17.exd5 Qb6 18.a3 a5
19.axb4 axb4 20.Rxa8+ Bxa8 21.Qf2 Qa5 22.O-O Bxd5 23.c4 Bc6
24.Re1 h3 25.g3 Rh5 26.Nd4 exd4 0-1

[Event "5th Reykjavik op"]
[Site "Reykjavik ISL"]
[Date "1972.02.08"]
[EventDate "1972.02.06"]
[Round "3"]
[Result "0-1"]
[White "Sigurjonsson, Gudmundur"]
[Black "Andersson, Ulf"]
[WhiteElo "2500"]
[BlackElo "2510"]
[Source "Morgunbladid, 1972.02.17, p. 8"]
[PlyCount "110"]

1. e4 c5 2. Nf3 d6 3. Nc3 Nf6 4. e5 dxe5 5. Nxe5 Nbd7 6. Nc4 e6 7. b3 Be7 8.
Bb2 O-O 9. Be2 a6 10. a4 b6 11. Bf3 Rb8 12. O-O Qc7 13. Re1 Rd8 14. d3 Bb7 15.
Qe2 Nf8 16. g3 Ng6 17. Ne4 Nd5 18. h4 b5 19. axb5 axb5 20. Ne3 Ne5 21. Bg2 Nc6
22. Nxd5 Rxd5 23. Qg4 Nd4 24. Nc3 Re5 25. Nxb5 Rxe1+ 26. Rxe1 Qa5 27. Re5 Bf6
28. Bxb7 Bxe5 29. Nxd4 Bxd4 30. Bxd4 cxd4 31. Bf3 Qc5 32. Kg2 Qxc2 33. Qxd4
Qxb3 34. h5 Qb6 35. Qe5 h6 36. Be4 Rd8 37. g4 Qd6 38. Qa5 Rb8 39. Qc3 Qf4 40.
Bf3 Rd8 41. Qa5 Rf8 42. Qb6 Kh8 43. Qc5 Rd8 44. Qa5 Rg8 45. Qa1 e5 46. Qd1 g6
47. hxg6 Rxg6 48. Kf1 Rf6 49. Kg2 Kg7 50. Qe2 Rg6 51. Kh3 Rf6 52. Kg2 Qg5 53.
Bd5 h5 54. f3 Rg6 55. Be4 f5 0-1

[Event "5th Reykjavik op"]
[Site "Reykjavik ISL"]
[Date "1972.02.08"]
[EventDate "1972.02.06"]
[Round "3"]
[Result "1/2-1/2"]
[White "Gheorghiu, Florin"]
[Black "Olafsson, Fridrik"]
[WhiteElo "2530"]
[BlackElo "2570"]
[Source "https://skaksogufelagid.is (2024)"]
[PlyCount "30"]

1. Nf3 Nf6 2. c4 e6 3. g3 b6 4. Bg2 Bb7 5. O-O Be7 6. b3 O-O 7. Bb2 d5 8. e3 c5
9. Qe2 Nc6 10. Rd1 Qc7 11. Nc3 dxc4 12. bxc4 Rad8 13. Rab1 Rd7 14. d3 a6 15.
Ne1 Na7 1/2-1/2

[Event "5th Reykjavik op"]
[Site "Reykjavik ISL"]
[Date "1972.02.08"]
[EventDate "1972.02.06"]
[Round "3"]
[Result "1-0"]
[White "Keene, Raymond Dennis"]
[Black "Gunnarsson, Gunnar"]
[WhiteElo "2465"]
[BlackElo "2300"]
[PlyCount "65"]

1.d4 Nf6 2.c4 e6 3.Nc3 d5 4.cxd5 exd5 5.Bg5 Be7 6.e3 c6 7.Bd3
h6 8.Bh4 Ne4 9.Bxe7 Qxe7 10.Bxe4 dxe4 11.Qc2 f5 12.Nge2 Be6
13.Nf4 Bf7 14.h4 O-O 15.g4 fxg4 16.Qxe4 Qb4 17.Nd3 Qa5 18.Qxg4
Bh5 19.Qe6+ Kh7 20.Qe5 Qxe5 21.Nxe5 Na6 22.f4 Rad8 23.Ne4 Nb4
24.Rh2 Nd5 25.Kd2 Nc7 26.Rg1 Be8 27.Kc1 b6 28.Rc2 Nd5 29.Rg3
Nxe3 30.Rxe3 Rxf4 31.Nxc6 Bxc6 32.Rxc6 Re8 33.Ng5+ 1-0

[Event "5th Reykjavik op"]
[Site "Reykjavik ISL"]
[Date "1972.02.09"]
[EventDate "1972.02.06"]
[Round "4"]
[Result "0-1"]
[White "Gunnarsson, Gunnar"]
[Black "Stein, Leonid"]
[WhiteElo "2300"]
[BlackElo "2605"]
[Source "Morgunbladid, 1972.02.11, p. 7"]
[PlyCount "86"]

1. c4 Nf6 2. Nc3 d5 3. cxd5 Nxd5 4. g3 g6 5. Bg2 Nb6 6. d4 Bg7 7. Nf3 Nc6 8. e3
O-O 9. O-O e5 10. d5 Na5 11. e4 c6 12. Re1 cxd5 13. exd5 Bg4 14. h3 Bxf3 15.
Bxf3 Rc8 16. h4 Nac4 17. a4 a6 18. Qb3 Nd6 19. Bg2 Nd7 20. Bf1 f5 21. Bg5 Bf6
22. Bd2 Nc5 23. Qa3 a5 24. Rad1 Qb6 25. Nb5 Nde4 26. Be3 f4 27. Bxc5 Nxc5 28.
Kh2 e4 29. Bg2 f3 30. Bh3 Nd3 31. Be6+ Kg7 32. Re3 Nxb2 33. Rde1 Nc4 34. Qa2
Nxe3 35. Bxc8 Nxd5 36. Bh3 Nb4 37. Qd2 Rd8 38. Qe3 Qxe3 39. Rxe3 Rd2 40. Rxe4
Nd3 41. Rc4 Nxf2 42. Rc7+ Kh6 43. Rd7 0-1

[Event "5th Reykjavik op"]
[Site "Reykjavik ISL"]
[Date "1972.02.09"]
[EventDate "1972.02.06"]
[Round "4"]
[Result "1/2-1/2"]
[White "Olafsson, Fridrik"]
[Black "Keene, Raymond Dennis"]
[WhiteElo "2570"]
[BlackElo "2465"]
[PlyCount "72"]

1. d4 g6 2. c4 Bg7 3. Nc3 d6 4. e4 Nc6 5. Be3 e5 6. d5 Nce7
7. c5 f5 8. Bb5+ Kf8 9. f3 Bh6 10. Bf2 Nf6 11. h3 Kg7 12. Nge2
Rf8 13. Bc4 fxe4 14. fxe4 Nh5 15. O-O Ng8 16. Qd3 Qe7 17. b4
Bd7 18. Bb5 a6 19. Bxd7 Qxd7 20. Be3 Bxe3+ 21. Qxe3 Rxf1+
22. Rxf1 a5 23. b5 dxc5 24. Qxc5 Qd6 25. Na4 Nhf6 26. Rc1 Ne8
27. b6 cxb6 28. Qxb6 Qxb6+ 29. Nxb6 Rd8 30. Rc5 Ngf6 31. Nc3
Nd6 32. Rxa5 Ndxe4 33. Nxe4 Nxe4 34. Nc4 Nc3 35. Ne3 Rd7
36. a3 b5 1/2-1/2

[Event "5th Reykjavik op"]
[Site "Reykjavik ISL"]
[Date "1972.02.09"]
[EventDate "1972.02.06"]
[Round "4"]
[Result "1/2-1/2"]
[White "Andersson, Ulf"]
[Black "Gheorghiu, Florin"]
[WhiteElo "2510"]
[BlackElo "2530"]
[PlyCount "32"]

1. d4 Nf6 2. c4 c5 3. Nf3 cxd4 4. Nxd4 Nc6 5. Nc3 g6 6. g3 Bg7 7. Bg2 O-O 8.
O-O Nxd4 9. Qxd4 d6 10. Qd3 a6 11. Bd2 Rb8 12. Rac1 Nd7 13. e4 b5 14. cxb5 axb5
15. b3 Nc5 16. Qe3 1/2-1/2

[Event "5th Reykjavik op"]
[Site "Reykjavik ISL"]
[Date "1972.02.09"]
[EventDate "1972.02.06"]
[Round "4"]
[Result "1/2-1/2"]
[White "Tukmakov, Vladimir"]
[Black "Sigurjonsson, Gudmundur"]
[WhiteElo "2565"]
[BlackElo "2500"]
[PlyCount "113"]

1.e4 g6 2.d4 Bg7 3.Nc3 d6 4.f4 Nf6 5.Nf3 O-O 6.Bd3 Nc6 7.f5
Nb4 8.fxg6 hxg6 9.Bg5 c5 10.d5 e6 11.O-O exd5 12.exd5 Qb6
13.Qd2 Bg4 14.Nh4 Nh7 15.Be3 Rae8 16.Kh1 Nxd3 17.cxd3 Qd8
18.Nf3 a6 19.a4 b6 20.Bh6 Bxh6 21.Qxh6 Bxf3 22.Rxf3 Qg5
23.Qxg5 Nxg5 24.Rf6 Rd8 25.Rb1 Rfe8 26.h4 Nh7 27.Rf3 f5 28.h5
Kg7 29.hxg6 Kxg6 30.Kg1 Nf6 31.b4 Rb8 32.Rg3+ Ng4 33.Ne4 fxe4
34.Rxg4+ Kf5 35.Rg3 exd3 36.Rxd3 c4 37.Rf3+ Ke4 38.b5 Kxd5
39.bxa6 Kc6 40.Rf4 d5 41.Rf6+ Kc5 42.a7 Ra8 43.Rf7 Rec8 44.Kf2
Rf8 45.Rb5+ Kd4 46.Rxf8 Rxf8+ 47.Ke2 Ra8 48.a5 Rxa7 49.axb6
Rb7 50.Kd2 c3+ 51.Kc2 Kc4 52.Ra5 Rxb6 53.Ra4+ Kb5 54.Rd4 Kc5
55.Kxc3 Rb3+ 56.Kxb3 Kxd4 57.g4 1/2-1/2

[Event "5th Reykjavik op"]
[Site "Reykjavik ISL"]
[Date "1972.02.10"]
[EventDate "1972.02.06"]
[Round "5"]
[Result "1/2-1/2"]
[White "Kristinsson, Jon"]
[Black "Solmundarson, Magnus"]
[WhiteElo "2380"]
[BlackElo "2380"]
[Source "Thjodviljinn, 1972.02.12, p. 3"]
[PlyCount "66"]

1. d4 Nf6 2. c4 g6 3. Nc3 Bg7 4. e4 O-O 5. f3 d6 6. Be3 c6 7. Qd2 a6 8. O-O-O
b5 9. h4 Nbd7 10. g4 Nb6 11. h5 Be6 12. Bh6 b4 13. Bxg7 Kxg7 14. hxg6 fxg6 15.
e5 bxc3 16. exf6+ Kg8 17. Qxc3 exf6 18. Bd3 Qe7 19. Ne2 Qf7 20. b3 d5 21. c5
Nd7 22. Rh6 Rfe8 23. Rdh1 Nf8 24. Nf4 Qc7 25. Qd2 Qg7 26. Qh2 Bf7 27. Qf2 Ra7
28. Ng2 a5 29. a3 Rae7 30. f4 Rb8 31. Bc2 Rbe8 32. Bd3 Rb8 33. Bc2 1/2-1/2

[Event "5th Reykjavik op"]
[Site "Reykjavik ISL"]
[Date "1972.02.10"]
[EventDate "1972.02.06"]
[Round "5"]
[Result "0-1"]
[White "Sigurjonsson, Gudmundur"]
[Black "Thorbergsson, Freysteinn"]
[WhiteElo "2500"]
[BlackElo "2340"]
[Source "Thjodviljinn, 1972.02.12, p. 3"]
[PlyCount "82"]

1. e4 e6 2. d3 d5 3. Nd2 Nf6 4. Ngf3 b6 5. e5 Nfd7 6. g3 c5 7. Qe2 Qc7 8. Nb3
Nc6 9. Bf4 g6 10. Bg2 Bg7 11. c4 dxc4 12. dxc4 Rb8 13. O-O-O Ndxe5 14. Ng5 f6
15. Bxc6+ Qxc6 16. Ne4 O-O 17. Nxf6+ Bxf6 18. Bxe5 Bxe5 19. Qxe5 Rb7 20. f4 Rd7
21. Rhe1 Rxd1+ 22. Rxd1 Qa4 23. Qc3 Qxa2 24. Rd6 Qa4 25. Nd2 Qa1+ 26. Kc2 e5
27. Nf3 Bf5+ 28. Kd2 exf4 29. gxf4 Qf1 30. Qe3 Qxc4 31. Ng5 Qb4+ 32. Kc1 Qc4+
33. Kd2 Qc2+ 34. Ke1 Qb1+ 35. Kf2 Qxb2+ 36. Kg3 c4 37. Qe7 Qc3+ 38. Kh4 Qg7 39.
Qe2 b5 40. Qe3 h6 41. Nf3 c3 0-1

[Event "5th Reykjavik op"]
[Site "Reykjavik ISL"]
[Date "1972.02.10"]
[EventDate "1972.02.06"]
[Round "5"]
[Result "1/2-1/2"]
[White "Keene, Raymond Dennis"]
[Black "Andersson, Ulf"]
[WhiteElo "2465"]
[BlackElo "2510"]
[PlyCount "37"]

1.d4 Nf6 2.c4 e6 3.Nc3 Bb4 4.e3 O-O 5.Ne2 d5 6.a3 Be7 7.Nf4 c6
8.b4 Nbd7 9.c5 b6 10.Nd3 Qc7 11.f4 a5 12.Bd2 Ba6 13.Be2 Ne4
14.Nxe4 dxe4 15.Nf2 Bxe2 16.Kxe2 axb4 17.axb4 Rxa1 18.Qxa1 f5
19.Qa2 1/2-1/2

[Event "5th Reykjavik op"]
[Site "Reykjavik ISL"]
[Date "1972.02.10"]
[EventDate "1972.02.06"]
[Round "5"]
[Result "1/2-1/2"]
[White "Stein, Leonid"]
[Black "Olafsson, Fridrik"]
[WhiteElo "2605"]
[BlackElo "2570"]
[PlyCount "98"]

1.c4 Nf6 2.Nc3 e5 3.Nf3 Nc6 4.g3 d6 5.Bg2 Bg4 6.h3 Bd7 7.O-O
g6 8.d4 exd4 9.Nxd4 Bg7 10.Nxc6 Bxc6 11.Nd5 Nxd5 12.cxd5 Bd7
13.Qb3 O-O 14.Be3 c5 15.dxc6 bxc6 16.Rad1 Rb8 17.Qa3 d5 18.Bd4
Bxd4 19.Rxd4 Qb6 20.Rd2 Qb4 21.Qxb4 Rxb4 22.e4 Be6 23.exd5
cxd5 24.Rc1 Rfb8 25.b3 d4 26.Rc5 Rd8 27.g4 Rd7 28.Be4 Kf8
29.f3 Ke7 30.Kf2 h6 31.h4 Kd6 32.Ra5 Rc7 33.a3 Rxb3 34.Rxd4+
Ke7 35.Rda4 Rb2+ 36.Kg3 Rc1 37.g5 Rg1+ 38.Kf4 Rh2 39.Rxa7+ Kf8
40.Ra8+ Kg7 41.gxh6+ Kf6 42.Rh8 Rxh4+ 43.Ke3 Rgh1 44.Rb4 Rxh6
45.Rxh6 Rxh6 46.Rb5 Rh2 47.a4 Ra2 48.a5 Ke7 49.Kd4 Bd7 1/2-1/2

[Event "5th Reykjavik op"]
[Site "Reykjavik ISL"]
[Date "1972.02.10"]
[EventDate "1972.02.06"]
[Round "5"]
[Result "1-0"]
[White "Hort, Vlastimil"]
[Black "Gunnarsson, Gunnar"]
[WhiteElo "2605"]
[BlackElo "2300"]
[PlyCount "83"]

1.c4 Nf6 2.Nc3 d5 3.cxd5 Nxd5 4.d4 g6 5.e4 Nxc3 6.bxc3 Bg7
7.Bc4 O-O 8.Ne2 c5 9.O-O cxd4 10.cxd4 Nc6 11.Be3 b6 12.Rc1 Na5
13.Bd5 Bb7 14.Bxb7 Nxb7 15.d5 Qd7 16.Nd4 e6 17.Nc6 Nd6 18.Qd3
exd5 19.Qxd5 Qe6 20.Qxe6 fxe6 21.f3 Nb5 22.Rfd1 Rf7 23.Rd3 e5
24.Kf2 Rc7 25.Rc4 Kf8 26.a4 Nd4 27.Nxe5 Rxc4 28.Nxc4 Ne6
29.Nd6 Rd8 30.Rd5 Ke7 31.Nb5 a6 32.Rxd8 Nxd8 33.Na3 b5 34.axb5
axb5 35.Nxb5 Ne6 36.Ke2 Kd7 37.Kd3 Be5 38.g3 h5 39.Nd4 Nc5+
40.Kc4 Nb7 41.Kd5 Bf6 42.e5 1-0

[Event "5th Reykjavik op"]
[Site "Reykjavik ISL"]
[Date "1972.02.12"]
[EventDate "1972.02.06"]
[Round "6"]
[Result "1-0"]
[White "Olafsson, Fridrik"]
[Black "Hort, Vlastimil"]
[WhiteElo "2570"]
[BlackElo "2605"]
[PlyCount "93"]

1.Nf3 g6 2.e4 c5 3.d4 cxd4 4.Nxd4 Nf6 5.Nc3 d6 6.Be3 Bg7 7.f3
Nc6 8.Qd2 O-O 9.Bc4 Bd7 10.O-O-O Qa5 11.h4 Ne5 12.Bb3 Rfc8
13.h5 Nxh5 14.Nd5 Qxd2+ 15.Rxd2 Kf8 16.g4 Nf6 17.Rdh2 Nxd5
18.Bxd5 Rc7 19.Bh6 Bxh6+ 20.Rxh6 e6 21.Bb3 a5 22.Rxh7 Rac8
23.a3 b5 24.g5 Nd3+ 25.Kb1 Nc5 26.Ba2 b4 27.axb4 axb4 28.R1h4
Be8 29.Bc4 Ra8 30.b3 Ke7 31.Rh8 e5 32.Bd5 Ra6 33.Rxe8+ Kxe8
34.Nb5 Rd7 35.Rh8+ Ke7 36.Rc8 Ne6 37.Rc4 Nxg5 38.Rxb4 Nxf3
39.Kb2 Rb6 40.c4 g5 41.Ra4 g4 42.Ra8 Nd4 43.Na7 Rxb3+ 44.Ka2
Rb6 45.Nc8+ Kf6 46.Nxb6 Rc7 47.Rg8 1-0

[Event "5th Reykjavik op"]
[Site "Reykjavik ISL"]
[Date "1972.02.12"]
[EventDate "1972.02.06"]
[Round "6"]
[Result "1-0"]
[White "Andersson, Ulf"]
[Black "Stein, Leonid"]
[WhiteElo "2510"]
[BlackElo "2605"]
[PlyCount "59"]

1.e4 c5 2.Nf3 Nc6 3.d4 cxd4 4.Nxd4 Nf6 5.Nc3 d6 6.Bc4 Qb6
7.Nb3 e6 8.O-O Be7 9.Be3 Qc7 10.f4 a6 11.Bd3 b5 12.a4 b4
13.Nb1 a5 14.N1d2 O-O 15.Qe2 e5 16.f5 d5 17.g4 dxe4 18.Nxe4
Nd5 19.f6 gxf6 20.Bh6 Rd8 21.Rf3 Nf4 22.Rxf4 Rxd3 23.cxd3 Be6
24.Nxf6+ Bxf6 25.Rxf6 Bxb3 26.Rc1 Bd5 27.Qf2 Re8 28.Rc5 Be6
29.Qh4 Kh8 30.Rf2 1-0

[Event "5th Reykjavik op"]
[Site "Reykjavik ISL"]
[Date "1972.02.12"]
[EventDate "1972.02.06"]
[Round "6"]
[Result "1/2-1/2"]
[White "Tukmakov, Vladimir"]
[Black "Keene, Raymond Dennis"]
[WhiteElo "2565"]
[BlackElo "2465"]
[PlyCount "55"]

1. d4 g6 2. c4 Bg7 3. Nc3 d6 4. Nf3 e5 5. g3 Nd7 6. Bg2 Ngf6
7. O-O O-O 8. Qc2 Re8 9. Rd1 c6 10. dxe5 dxe5 11. Ng5 Qc7
12. Nge4 Bf8 13. Nxf6+ Nxf6 14. Bg5 Bg7 15. Qa4 Bf5 16. b4 Nd7
17. Rac1 a5 18. b5 Nc5 19. Qa3 Bf8 20. Qb2 h6 21. Be3 a4
22. h3 a3 23. Qd2 Red8 24. Qe1 Rxd1 25. Qxd1 Be6 26. Qc2 Bf5
27. Qd2 Rd8 28. Qe1 1/2-1/2